00896nam a2200277 a 4500001001000000003000600010005001700016008004100033035001600074040001800090041001100108082001600119100003400135245012400169250001100293260005000304300002100354440001700375500005500392500001900447504002900466650003200495651003700527651003200564852002200596000015574UkOxU20200929164100.0880808s1966 mx b 001 0cspa d aoxf98305110 aDO-SdBNPcGUA1 aspaeng aD04002457491 aCrawford, William Rex,d1898-13aEl pensamiento latinoamericano de un siglo /cWilliam Rex Crawford ; [versión española de María Teresa Chávez]. a1. ed. aMexico, D.F :bEditorial Limusa-Wiley,c1966. a341 p. ;c19 cm. 0aMundo de hoy aTranslation of A century of Latin-American thought aIncludes index aBibliography: p. 311-333 0aPhilosopherszLatin America 0aLatin AmericaxIntellectual Life 0aLatin AmericaxCivilization 713930683yMISSING